If I Could Fly - One Direction (All Lyrics) - Statistics

General Stats
  • This quiz has been taken 71 times
  • The average score is 248 of 277
Answer Stats
Answer % Correct
a
100%
and
100%
could
100%
fly
100%
I
100%
(I
100%
If
100%
me
100%
me)
100%
to
100%
you
100%
your
100%
back
97%
for
97%
(for
97%
home
97%
eyes
94%
heart
94%
my
94%
only
94%
only)
94%
right
94%
when
94%
(when
94%
who
94%
you're
94%
be
91%
can
91%
forget
91%
lonely
91%
lonely)
91%
are
89%
know
89%
now
89%
of
89%
show
89%
that
89%
apart
86%
coming
86%
might
86%
think
86%
we're
86%
down
83%
feel
83%
give
83%
half
83%
hope
83%
I'd
83%
I'm
83%
(I'm
83%
scars
83%
ask
80%
attention
80%
can't
80%
completely
80%
even
80%
got
80%
it
80%
it)
80%
just
80%
listen
80%
mine
80%
missing
80%
always
77%
don't
77%
I've
77%
up
77%
'cause
74%
guard
74%
inside
74%
let
74%
pay
74%
seen
74%
they
74%
thing
74%
though
71%
but
69%
everything
69%
from
69%
gets
69%
hard
69%
run
69%
been
66%
here
66%
time
66%
defenseless
63%
mind
63%
out
63%
wasting
60%
going
57%
pain
57%
No matching quizzes found
Score Distribution
Percent of People with Each Score
Percentile by Number Answered
Your Score History
You have not taken this quiz